Správa o štúdiu archívnictva na Filozofickej fakulte UK v akademickom roku 2001/2002

Bibliographic Details
Main Author: Sokolovský, Leon, 1949- (Author)
Format: Article
Language:Slovak
ISSN:0231-6722
Subjects:

MARC

LEADER 00000nab a2200000 a 4500
001 vtls000839956
003 SK-MaSNL
005 20260305010437.0
008 250429c2003 xo 0 slo
015 |a SNBRB2003/07-20111 
035 |a CLN000191611 
035 |a urn:nbn:sk:snk-ab7hc9 
035 |a (urnnbn)urn:nbn:sk:snk:ar-005shr 
035 |a (uuid)3efb313e-ea07-4744-a986-ea2941ca41b0 
040 |a SNKBUCL  |b slo  |c SNKBUCL  |e AACR2 
041 0 |a slo 
044 |a xo  |c SK 
080 |a 930.25:378.4(437.6)  |2 1981 
080 |a 378.4(437.6)  |2 1981 
100 1 |a Sokolovský, Leon,  |d 1949-  |4 aut  |9 210030 
245 1 0 |a Správa o štúdiu archívnictva na Filozofickej fakulte UK v akademickom roku 2001/2002  |c Leon Sokolovský 
610 2 7 |a Univerzita Komenského v Bratislave.  |b Filozofická fakulta  |2 snkbucl 
648 7 |a 2001-2001  |2 snkbucl  |9 1341715 
650 0 7 |a archívnictvo  |2 snkbucl  |9 4219 
650 0 7 |a vyučovanie archívnictva  |2 snkbucl  |9 119759 
773 0 |t Slovenská archivistika  |g Roč. 38, č. 1 (2003), s. 202-204  |x 0231-6722 
850 |a Slovenská národná knižnica 
852 |a Slovenská národná knižnica 
954 |a odborná, vedecká literatúra pôvodná (slovenská)  |2 lita 
958 |a article7 
958 |a OND 
958 |a EUIPO 
999 |c 3246732  |d 3248662